A carregar...
Black, Americans
| Formato: | Printed Book |
|---|---|
| Idioma: | English |
| Publicado em: |
Washinton
1970
|
| LEADER | 00424nam a22001337a 4500 | ||
|---|---|---|---|
| 003 | OSt | ||
| 008 | 101019t xxu||||| |||| 00| 0 eng d | ||
| 080 | |a 316.244(=013) |b SZW | ||
| 245 | |a Black, Americans |c edited by John F Szwed | ||
| 260 | |a Washinton |c 1970 | ||
| 300 | |a 321p. | ||
| 942 | |c BK |6 _ | ||
| 999 | |c 195687 |d 195687 | ||
| 952 | |0 0 |1 0 |4 0 |6 316244013_SZW |7 0 |9 251463 |a SLS |b SLS |d 2010-10-19 |o 316.244(=013) SZW |p SLS007633 |r 2010-10-19 |w 2010-10-19 |y BK | ||